书目信息 |
| 题名: |
插铣加工技术及其应用
|
|
| 作者: | 翟元盛 , 王宇 , 王波 著 | |
| 分册: | ||
| 出版信息: | 北京 科学出版社 2018.08 |
|
| 页数: | 160页 | |
| 开本: | 24cm | |
| 丛书名: | 哈尔滨理工大学制造科学与技术系列专著 | |
| 单 册: | ||
| 中图分类: | TK735 | |
| 科图分类: | ||
| 主题词: | 转轮--zhuan lun--水斗式水轮机--加工 | |
| 电子资源: | ||
| ISBN: | 978-7-03-056625-6 | |
| 000 | 01214nam 2200289 450 | |
| 001 | 202019135200 | |
| 005 | 20191007123107.0 | |
| 010 | @a978-7-03-056625-6@dCNY80.00 | |
| 100 | @a20191003d2018 em y0chiy50 ea | |
| 101 | 0 | @achi |
| 102 | @aCN@b110000 | |
| 105 | @aak a 000yy | |
| 106 | @ar | |
| 200 | 1 | @a插铣加工技术及其应用@Acha xi jia gong ji shu ji qi ying yong@f翟元盛, 王宇, 王波著 |
| 210 | @a北京@c科学出版社@d2018.08 | |
| 215 | @a160页@c图@d24cm | |
| 225 | 2 | @a哈尔滨理工大学制造科学与技术系列专著@Aha er bin li gong da xue zhi zao ke xue yu ji shu xi lie zhuan zhu |
| 320 | @a有书目 (第159-160页) | |
| 330 | @a本书以冲击式水轮机转轮水斗作为狭长勺型类结构件的研究对象, 以转轮水斗的结构特征和加工质量要求为依据, 研究其刀具三维造型技术、整体四坐标加工工艺分析、数控加工走刀路线生成及加工仿真, 并且对生成的加工程序进行干涉碰撞仿真检查, 最终形成较为完善的转轮水斗整体式数控加工技术。 | |
| 410 | 0 | @12001 @a哈尔滨理工大学制造科学与技术系列专著 |
| 606 | 0 | @a转轮@Azhuan lun@x水斗式水轮机@x加工 |
| 690 | @aTK735@v5 | |
| 701 | 0 | @a翟元盛@Azhai yuan sheng@4著 |
| 701 | 0 | @a王宇@Awang yu@4著 |
| 701 | 0 | @a王波@Awang bo@4著 |
| 801 | 0 | @aCN@c20190905 |
| 905 | @a河南城建学院图书馆@dTK735@eD048 | |
| 插铣加工技术及其应用/翟元盛, 王宇, 王波著.-北京:科学出版社,2018.08 |
| 160页:图;24cm.-(哈尔滨理工大学制造科学与技术系列专著) |
| ISBN 978-7-03-056625-6:CNY80.00 |
| 本书以冲击式水轮机转轮水斗作为狭长勺型类结构件的研究对象, 以转轮水斗的结构特征和加工质量要求为依据, 研究其刀具三维造型技术、整体四坐标加工工艺分析、数控加工走刀路线生成及加工仿真, 并且对生成的加工程序进行干涉碰撞仿真检查, 最终形成较为完善的转轮水斗整体式数控加工技术。 |
| ● |
| 相关链接 |
|
|
|
正题名:插铣加工技术及其应用
索取号:TK735/D048
 
预约/预借
| 序号 | 登录号 | 条形码 | 馆藏地/架位号 | 状态 | 备注 |
| 1 | 1443776 | 214437769 | 自科库501/501自科库 136排8列3层/ [索取号:TK735/D048] | 在馆 | |
| 2 | 1443777 | 214437778 | 自科库501/501自科库 136排8列3层/ [索取号:TK735/D048] | 在馆 |